000 00750nam a2200229Ia 4500
005 20250508165916.0
008 008 250505s9999 xx 000 0 eng d
020 _a0-7619-3286-0
037 _aTextual
040 _aFEDL
_beng
_cFEDL
041 _aeng
_2eng
084 _a302.095 4, BHA
_qFEDL
100 _aBhattacharyya Dwaipayan Ed.
_9414052
245 0 _aInterrogating social capital: The Indian experience
260 _aNew Delhi, India
_bSage Publications
_c2004
300 _a335p.
365 _aINR
_b695
546 _aGifted by H.O.D. Namita Ranganathan memory of Arvind Gaysu
700 _a Jayal Niraja Gopal Ed. Mohapatra Bishnu N Ed.
_9782382
942 _cTEXL
_h302.095 4, BHA
999 _c1398131
_d1398131